000 00723nam a2200205Ia 4500
003 GCL
008 140319s9999 xx 000 0 ara d
040 _aGCL /
_cGCL
082 0 4 _a923.2569
_bأ م
100 1 _aيوسف القرضاوى
245 1 0 _aموسى ابو مرزوق :
_bالرجل والحركة والقضية /
_cيوسف القرضاوى
700 1 _aاحمد يوسف
250 _aالاولى
260 _aالجزائر :
_bزهرة المدائن للدراسات والترجمة والنشر ،
_c1995
300 _a9 مج ؛
_c24 سم
650 0 4 _aالرجال - تراجم
650 0 4 _aموسى ابومرزوق
650 0 4 _aالسياسيون الفلسطينيون
942 _2ddc
_cBK
999 _c5018
_d5018